MDQL
is popping MORE tags! Check the
thread
!
Quizzes
Events
Quiz Creation
Community
Videos
Private Events
Remove Ads
Sign In
Join for FREE
Feedback
Dark Mode
Quiz Categories
Sports
Geography
Music
Movies
Television
Just For Fun
Miscellaneous
History
Literature
Language
Science
Gaming
Entertainment
Religion
Holiday
For Kids
Quiz Lab
Recent
Popular Today
Quiz Kudos Today
Editor Picks
Curator Picks
Quizzes by...
Day
Popularity
Type
Ratings
Length
Year
Community
Subscriptions
Recent Discussions
Orange Saloon
Badges
Playlists
Quests
Create
Leaderboards
Showdown
Live 5
Trivia Bingo
Activity
Puzzle Library
Sporcle Events
Private Events
Virtual Trivia
Globe League
Become a Host
Pub Owners
SporcleCon
Opinionation
Our Games
Videos
Blog
Mobile Apps
Partnerships
Remove Ads and Go Orange
Feedback
Movies
Disney
Marvel Cinematic Universe
Movie Resume
Movie Titles
Oscar
Actor
Actress
Director
Pixar
Role
Movie Quotes
Movie Characters
Box Office
Nominee
Best Picture
Star Wars
James Bond
Horror Movies
Movies
Disney
Marvel Cinematic Universe
Movie Resume
Movie Titles
Oscar
Actor
Actress
Director
Pixar
Role
Movie Quotes
Movie Characters
Box Office
Nominee
Best Picture
Star Wars
James Bond
Horror Movies
Random Quiz
Search Sporcle
×
Quiz Lab
Quiz Lab
Movies
paul
Type in answers that appear in a list
Type in answers that appear in a list
Classic
Best Score? Go Orange.
Paul Bettany Movies Stats
Can you name the movies in which Paul Bettany has appeared?
By
livfred
10m
26 Questions
126 Plays
126 Plays
126 Plays
Comments
Comments
Give Quiz Kudos
Give Quiz Kudos
-
- Ratings
hide this ad
Replay
Link that replays current quiz
Next Quiz
Link to next quiz in quiz playlist
You Got
0%
They Got
Avg Score
35%
Avg Friend Score
Upgrade to see
Score Distribution
Jump to the score distribution portion of the page
Score
0/26
Timer
10:00
0
Plays Today
Year
Movie
% Correct
2001
A Knight's Tale
78.6%
2006
The Da Vinci Code
73%
2008
Iron Man
72.2%
2010
Iron Man 2
70.6%
2003
Master and Commander: The Far Side of the World
65.1%
2004
Wimbledon
63.5%
2001
A Beautiful Mind
58.7%
2008
Inkheart
48.4%
2010
Legion
48.4%
2009
Creation
46%
2006
Firewall
40.5%
2009
The Young Victoria
38.1%
2000
Gangster No. 1
34.1%
Year
Movie
% Correct
2008
The Secret Life of Bees
29.4%
2003
Dogville
23%
2003
The Reckoning
18.3%
2004
Euston Road
17.5%
2000
Dead Babies
15.9%
1997
Bent
15.1%
2002
The Heart of Me
14.3%
2008
Broken Lines
14.3%
2000
Kiss Kiss (Bang Bang)
13.5%
1999
After the Rain
11.1%
1998
The Land Girls
8.7%
2000
The Suicide Club
8.7%
2005
Stories of Lost Souls
7.9%
Quiz Playlist
Details
Report
Send in Message
Add To Playlist
Classic:
Type in answers that appear in a list
Quiz Source
Last Updated: Feb 16, 2017
Quiz Scoreboard
CHALLENGE
Sign Up to Join the Scoreboard
Show All
Scores
Hide
Comments
May contain spoilers
Recently Published
Colored Red Africa Blitz
by spor1
Geography
30s
Find the 'City' Movie
by crazypaving
Movies
60s
5x2 Blitz: Bands
by SL_Kpop136
Music
30s
More to Explore
Quiz From the Vault
Featured Blog Post
14 Easter Pick-up Lines to Find Eggs With
hide this ad
You Might Also Like...
Tags
Character
paul
Today's Top Quizzes in Movies
Browse Movies
hide this ad
Today's Top Quizzes in paul
Browse paul
Top Contributed Quizzes in Movies
1
Find The 'Big' Movie
2
Find The 'Wild' Movie
3
Find The 'Blue' Movie
4
Movies By Plot
5
Pick 5 Posters: Directed by Spielberg
6
Hidden Star Wars Character II
7
Hidden Star Wars Character III
8
Hidden Star Wars Character IV
9
Alfred Hitchcock Movies by Plot
10
Hidden Star Wars Character V
Explore More
Trending Topics
Disney
Harry Potter
Anime
Kpop
Marvel
NBA
Crossword
WWE
Country
The Office
Pokémon
NFL
Soccer
Puzzle
Song
hide this ad
More By:
livfred
Quiz
Plays
Rating
Category
Featured
Created
Fill-in–the–Blank: Male Names Movies
257,778
4.29
Movies
Jun 15, 2010
Fill-in-the-Blank: Missing Women
161,893
4.31
Movies
Mar 17, 2010
5-Letter Movie Titles
115,375
3.92
Movies
Nov 6, 2009
Eponymous Movies
82,063
3.69
Movies
Sep 29, 2009
The 'Last' Movie
69,886
3.96
Movies
Dec 31, 2009
Go to Creator's Profile
Score Distribution
Quiz Creator Spotlight
livfred
Follow
Send a Message
Quizzes Created
-
Created Quiz Play Count
-
More By This Creator
Popular Quizzes Today
1
Find the 'City' Movie
2
5x2 Blitz: Bands
3
Colored Red Africa Blitz
4
Find the US States - No Outlines Minefield
5
The Countries of the World
6
Find the US States
7
9x9 Crossword: Cartoon Network
8
US States
More Movies Quizzes
Movies of 1978
Published
Trending Quizzes
Colored Red Europe Blitz I
Colored Red Africa Blitz II
Colored Red Europe Blitz III
Colored Red Europe Blitz II
Colored Red Africa Blitz III
Recently Updated
Champions League XIs: Real Madrid
pecheneg
Largest US Cities 1790-2010
pecheneg
Rides in Walt Disney World
pecheneg
Most Oscar Losses (Acting)
pecheneg
Beyoncé Albums
pecheneg
Leaping Animals
pecheneg
Reality TV Shows (A-Z)
bhenderson79
Rickey Henderson's Hall of Fame Teammates
pecheneg
Champions League XIs: Arsenal
pecheneg
Quick Pick: Celebrities in WWE's Hall of Fame
aduchscher
Trending Topics
Marvel
Harry Potter
Kpop
Disney
Crossword
NBA
Anime
Puzzle
WWE
Pokémon
Country
The Office
Soccer
Song
NFL
Your Account Isn't Verified!
In order to create a playlist on Sporcle, you need to verify the email address you used during registration. Go to your
Sporcle Settings
to finish the process.
Report this User
Report this user for behavior that violates our
Community Guidelines
.
Details:
Send Report
Go to the Sporcle.com Mobile Site →
Comments